| 000 | 006210000a22002290004500 | ||
|---|---|---|---|
| 003 | LK-CoMWRAF | ||
| 005 | 20230824112540.0 | ||
| 008 | 230817t1995 ||||| |||| 00| 0 eng d | ||
| 020 | _a0805030654 | ||
| 040 |
_aLK-CoMWRAF _dLK-CoMWRAF _eLK-CoMWRAF |
||
| 041 | _aeng | ||
| 082 |
_a818.30 _bLYO |
||
| 100 | _aLyons, Mary E. | ||
| 245 |
_aKeeping Secrets _bThe Girlhood Diaries of Seven Women Writers |
||
| 260 |
_bHenry Holt and Company _aNew York _c1995 |
||
| 300 | _a180 p | ||
| 650 | _aAmerican Diaries | ||
| 650 | _aBiography | ||
| 650 | _aHistory and Criticism | ||
| 650 | _aJuvenile Literature | ||
| 942 | _cBK | ||
| 999 |
_c1717 _d1717 |
||